International BIM implementation guide (Record no. 115214)

MARC details
000 -LEADER
fixed length control field 01436cad a22002775a 4500
001 - CONTROL NUMBER
control field L158233
008 - FIXED-LENGTH DATA ELEMENTS--GENERAL INFORMATION
fixed length control field 130206s2014 xxk f 000 0 eng d
020 ## - INTERNATIONAL STANDARD BOOK NUMBER
International Standard Book Number 9781783210770
035 ## - SYSTEM CONTROL NUMBER
System control number (Sirsi) u158233
041 0# - LANGUAGE CODE
Language code of text/sound track or separate title eng
110 2# - MAIN ENTRY--CORPORATE NAME
Corporate name or jurisdiction name as entry element Royal Institution of Chartered Surveyors
9 (RLIN) 4900
245 ## - TITLE STATEMENT
Title International BIM implementation guide
Medium [electronic resource]
250 ## - EDITION STATEMENT
Edition statement 1st ed
260 ## - PUBLICATION, DISTRIBUTION, ETC.
Place of publication, distribution, etc. London
Name of publisher, distributor, etc. RICS
Date of publication, distribution, etc. 2014
300 ## - PHYSICAL DESCRIPTION
Extent 74p
490 #0 - SERIES STATEMENT
Series statement RICS Guidance Note
520 ## - SUMMARY, ETC.
Summary, etc. This guidance note highlights international high-level principles around how to implement and use BIM in the design, construction and operation of our built environment, including facets of procurement management and asset management. It is intended that these principles are used as an overarching framework for potential national standards or regional guidelines on BIM, and also by individuals and organisations. Therefore, this guidance note is designed for any firm or professional using BIM or considering using BIM in the foreseeable future.
590 ## - LOCAL NOTE (RLIN)
Local note KA
650 24 - SUBJECT ADDED ENTRY--TOPICAL TERM
Topical term or geographic name entry element PROJECT DESIGN
650 24 - SUBJECT ADDED ENTRY--TOPICAL TERM
Topical term or geographic name entry element CONTENT MANAGEMENT
650 24 - SUBJECT ADDED ENTRY--TOPICAL TERM
Topical term or geographic name entry element Open BIM
651 #4 - SUBJECT ADDED ENTRY--GEOGRAPHIC NAME
Geographic name United Kingdom
690 ## - LOCAL SUBJECT ADDED ENTRY--TOPICAL TERM (OCLC, RLIN)
Topical term or geographic name as entry element BIM
9 (RLIN) 6219
856 40 - ELECTRONIC LOCATION AND ACCESS
Uniform Resource Identifier <a href="https://www.rics.org/profession-standards/rics-standards-and-guidance/sector-standards/construction-standards/international-bim-implementation-guide">https://www.rics.org/profession-standards/rics-standards-and-guidance/sector-standards/construction-standards/international-bim-implementation-guide</a>
Public note View the guidance free of charge at www.rics.org
942 ## - ADDED ENTRY ELEMENTS (KOHA)
Suppress in OPAC 0
Source of classification or shelving scheme Dewey Decimal Classification
Holdings
Withdrawn status Lost status Source of classification or shelving scheme Damaged status Not for loan Home library Current library Shelving location Date acquired Total Checkouts Full call number Barcode Date last seen Copy number Price effective from Koha item type
    Dewey Decimal Classification     Archives Archives RICS Boxes 09/01/2015   RICS 2014/8 30075319 06/08/2019 1 06/08/2019 Archive
    Dewey Decimal Classification     London London Books 09/01/2015   RICS 2014/8 30075302 06/08/2019 1 06/08/2019 Book
    Dewey Decimal Classification     London London Books 09/01/2015   RICS 2014/8 30075298 06/08/2019 2 06/08/2019 Book
    Dewey Decimal Classification     Virtual Virtual Online 30/10/2014   ONLINE PUBLICATION 158233-2001 22/03/2023 4 06/08/2019 Book